000 00631nam a2200241Ia 4500
005 20260121113212.0
008 12114 260114s9999 xx 000 0 eng d
020 _a9789814540674
037 _aEBOOK
040 _aCRL
_beng
_cCRL
041 _aeng
_2eng
084 _qCRL
100 _aKuehnelt H
_9969850
245 0 _aInterdisciplinary Aspects of Physics Education
260 _bWorld Scientific
260 _bWSPC
260 _c1990
650 _aPhysics
_9969851
856 _uhttps://www.worldscientific.com/worldscibooks/10.1142/1038#t=toc
942 _cEBOOK
999 _c1549414
_d1549414